Zdroje znečistenia podzemných vôd SR
RSV a smernica 2006/118/ES o ochrane podzemných vôd pred znečistením a zhoršením kvality ustanovuje pre všetky členské štáty povinnosť chrániť podzemné vody v útvaroch podzemných vôd používaných na odber pitnej vody tak, aby sa predišlo zhoršeniu ich kvality. Bodové zdroje znečistenia. Hodnotenie ri...
Salvato in:
| Autore principale: | |
|---|---|
| Natura: | Capitolo di libro |
| Lingua: | slovacco |
| Soggetti: | |
| Tags: |
Nessun Tag, puoi essere il primo ad aggiungerne!!
|
MARC
| LEADER | 00000naa a2200000 4500 | ||
|---|---|---|---|
| 001 | 0144430 | ||
| 005 | 20231207141045.3 | ||
| 041 | 0 | |a slo | |
| 044 | |a SK | ||
| 245 | 1 | 0 | |a Zdroje znečistenia podzemných vôd SR |c Anna Patschová |
| 520 | |a RSV a smernica 2006/118/ES o ochrane podzemných vôd pred znečistením a zhoršením kvality ustanovuje pre všetky členské štáty povinnosť chrániť podzemné vody v útvaroch podzemných vôd používaných na odber pitnej vody tak, aby sa predišlo zhoršeniu ich kvality. Bodové zdroje znečistenia. Hodnotenie rizika pre podzemné vody. | ||
| 610 | 2 | 0 | |a voda podzemná |
| 610 | 2 | 0 | |a voda pitná |
| 610 | 2 | 0 | |a kvalita vody |
| 610 | 2 | 0 | |a ochrana vody |
| 610 | 2 | 0 | |a smernice |
| 100 | 1 | |a Patschová, Anna | |